| 000 | 01375nam a2200313 4500 | ||
|---|---|---|---|
| 003 | EG-GICUC | ||
| 005 | 20260121101207.0 | ||
| 008 | 251110s2001 ua ||||fr|||| 00| 0 ara d | ||
| 040 |
_a EG-GICUC _bara _c EG-GICUC _d EG-GICUC _erda |
||
| 041 | 0 | _aara | |
| 082 | 0 | 4 |
_221 _a341.84 _bج م . ع |
| 092 | 0 | 4 | _221 |
| 099 | _aLaw1 11 341.84 ج م . ع 1 ed - 2001 | ||
| 100 | 0 |
_aجمال محمود الكردى _eمؤلف. |
|
| 245 | 1 | 0 |
_aعولمة التكنولوجيا من الناحية القانونية _bدراسة فى مشكلة تحديد القانون الذى يحكم عقود الإستفاده من التكنولوجيا وإستغلالها عبر الدول / _hجمال محمود الكردى. |
| 250 | _aالطبعة الاولى | ||
| 264 |
_aالقاهرة : _bدار النهضة العربية، _c2001. |
||
| 300 |
_a46 ؛صفحة _c24 سم |
||
| 336 |
_2rda content _atext |
||
| 337 |
_2rda media _aComputer |
||
| 338 |
_2rda carrier _aOnline Resource |
||
| 504 | _aيحتوي على اراجاعات ببليوجرافية يحتوي على قائمة بالمراجع. | ||
| 546 | _aالنص أغلبه باللغة العربية مع بعض النصوص الفرنسية | ||
| 650 | 1 |
_aعقود _2qrmak |
|
| 651 | 1 | _2qrmak | |
| 856 | 4 | 0 | _uhttps://fll.law.cu.edu.eg/fulltext/bks/B12-01333.pdf |
| 905 | _a75 | ||
| 942 |
_2ddc _n0 _cBK _e21 |
||
| 999 |
_c42375 _d42375 |
||